000 00212nam a22000857a 4500
008 161213b xxu||||| |||| 00| 0 eng d
100 _92014
_aShankaran.R.
245 _aEnglish Honeycomb
260 _aNew Delhi
_bAPC
_c2009
999 _c4879
_d4879